000 00975nam a2200265Ia 4500
003 OSt
005 20220918111953.0
006 a|||||r|||| 00| 0
007 ta
008 220915b |||||||| |||| 00| 0 hin d
020 _a8188118338 (hbk)
024 _a250475
037 _b404ए 23ध्03ध्2009ए ैूंतंर च्तंांेींद
037 _cTextbook
040 _bhin
_aARTS
_cARTS
041 _ahin
082 _aV2y7N07, 152P8
100 _aविष्णु प्रभाकर
245 0 _aअमर शहीद भगतसिंह
246 _aAmar shahīd bhagatasianha
260 _aदिल्ली
_bआर्य प्रकाशन मंडल भारत
_c2008
300 _a112पृ0
_ccm.
942 _hV2y7N07, 152P8
_cTB
_2CC
999 _c117613
_d117613